<?xml version="1.0" encoding="UTF-8"?>
<record
    xmlns:xsi="http://www.w3.org/2001/XMLSchema-instance"
    xsi:schemaLocation="http://www.loc.gov/MARC21/slim http://www.loc.gov/standards/marcxml/schema/MARC21slim.xsd"
    xmlns="http://www.loc.gov/MARC21/slim">

  <leader>02542cam a22003735a 4500</leader>
  <controlfield tag="001">17616600</controlfield>
  <controlfield tag="005">20161025143756.0</controlfield>
  <controlfield tag="008">130205s2014    paua   frb    001 0 eng d</controlfield>
  <datafield tag="010" ind1=" " ind2=" ">
    <subfield code="a">  2013004566</subfield>
  </datafield>
  <datafield tag="020" ind1=" " ind2=" ">
    <subfield code="a">9781609136222</subfield>
  </datafield>
  <datafield tag="020" ind1=" " ind2=" ">
    <subfield code="a">1609136225</subfield>
  </datafield>
  <datafield tag="035" ind1=" " ind2=" ">
    <subfield code="a">(DNLM)101601448</subfield>
  </datafield>
  <datafield tag="040" ind1=" " ind2=" ">
    <subfield code="a">DNLM/DLC</subfield>
    <subfield code="b">eng</subfield>
    <subfield code="c">DLC</subfield>
    <subfield code="d">EG-ScBUE </subfield>
  </datafield>
  <datafield tag="042" ind1=" " ind2=" ">
    <subfield code="a">pcc</subfield>
  </datafield>
  <datafield tag="082" ind1="0" ind2="4">
    <subfield code="2">22</subfield>
    <subfield code="a">618.20231</subfield>
    <subfield code="b">PER</subfield>
  </datafield>
  <datafield tag="245" ind1="0" ind2="0">
    <subfield code="a">Perinatal nursing /</subfield>
    <subfield code="c">[edited by] Kathleen Rice Simpson, Patricia A. Creehan.</subfield>
  </datafield>
  <datafield tag="246" ind1="1" ind2=" ">
    <subfield code="i">At head of title:</subfield>
    <subfield code="a">AWHONN, Association of Women's Health, Obstetric and Neonatal Nurses</subfield>
  </datafield>
  <datafield tag="250" ind1=" " ind2=" ">
    <subfield code="a">4th ed.</subfield>
  </datafield>
  <datafield tag="260" ind1=" " ind2=" ">
    <subfield code="a">Philadelphia, Pennsylvania:</subfield>
    <subfield code="b">Wolters Kluwer/Lippincott Williams &amp; Wilkins Health,</subfield>
    <subfield code="c">2014.</subfield>
  </datafield>
  <datafield tag="300" ind1=" " ind2=" ">
    <subfield code="a">xv, 752 p. :</subfield>
    <subfield code="b">ill. ;</subfield>
    <subfield code="c">28 cm.</subfield>
  </datafield>
  <datafield tag="500" ind1=" " ind2=" ">
    <subfield code="a">Index : p. 744-752</subfield>
  </datafield>
  <datafield tag="504" ind1=" " ind2=" ">
    <subfield code="a">Includes bibliographical references.</subfield>
  </datafield>
  <datafield tag="505" ind1="0" ind2=" ">
    <subfield code="a">Perinatal patient safety and professional liability issues / Kathleen Rice Simpson --  Integrating cultural beliefs and practices when caring for childbearing women and families / Lynn Clark Callister -- Physiologic changes of pregnancy / Susan Tucker Blackburn -- Antenatal care / Mary Lee Barron -- Hypertensive disorders of pregnancy / Judith H. Poole --  Bleeding in pregnancy / Mary Ellen Burke Sosa --  Preterm labor and birth / Nancy Jo Reedy --  Diabetes in pregnancy / Julie M. Daley -- Cardiac disease in pregnancy / Julie Arafeh -- A pulmonary complications in pregnancy / Suzanne McMurtry Baird and Betsy B. Kennedy -- Multiple gestation / Nancy A. Bowers -- Obesity in pregnancy / Mary Ann Maher -- Maternal fetal transport / Judy Wilson-Griffin -- Labor and birth / Kathleen Rice Simpson and Nancy O'Brien-Abel -- Fetal assessment during labor / Audrey Lyndon, Nancy O'Brien Abel, and Kathleen Rice Simpson -- Pain inlabor : nonpharmacologic and pharmacologic management / Carol Burke -- Postpartum care / Dotti C. James -- Newborn adaptation to extrauterine life / Debbie Fraser -- Newborn physical assessment / Lyn Vargo --  Newborn nutrition / Jill Janke -- Common neonatal complications / Joan Renaud Smith and Annette Carley.</subfield>
  </datafield>
  <datafield tag="590" ind1=" " ind2=" ">
    <subfield code="a">Wessam</subfield>
  </datafield>
  <datafield tag="650" ind1=" " ind2="7">
    <subfield code="a">Maternal-Child Nursing.</subfield>
    <subfield code="2">BUEsh</subfield>
    <subfield code="9">12164</subfield>
  </datafield>
  <datafield tag="650" ind1=" " ind2="7">
    <subfield code="a">Neonatal nursing.</subfield>
    <subfield code="2">BUEsh</subfield>
    <subfield code="9">23579</subfield>
  </datafield>
  <datafield tag="650" ind1=" " ind2="7">
    <subfield code="a">Maternity nursing.</subfield>
    <subfield code="9">12162</subfield>
  </datafield>
  <datafield tag="651" ind1=" " ind2=" ">
    <subfield code="2">BUEsh</subfield>
  </datafield>
  <datafield tag="653" ind1=" " ind2=" ">
    <subfield code="b">NNUR</subfield>
    <subfield code="c">October2016</subfield>
  </datafield>
  <datafield tag="700" ind1="1" ind2=" ">
    <subfield code="a">Simpson, Kathleen Rice&#x200F;.</subfield>
    <subfield code="9">41617</subfield>
  </datafield>
  <datafield tag="700" ind1="1" ind2=" ">
    <subfield code="a">Creehan, Patricia A.</subfield>
    <subfield code="9">41618</subfield>
  </datafield>
  <datafield tag="710" ind1="2" ind2=" ">
    <subfield code="a">Association of Women's Health, Obstetric, and Neonatal Nurses&#x200F;.</subfield>
    <subfield code="9">41619</subfield>
  </datafield>
  <datafield tag="942" ind1=" " ind2=" ">
    <subfield code="2">ddc</subfield>
    <subfield code="e">22</subfield>
    <subfield code="k">618.20231 PER</subfield>
  </datafield>
  <datafield tag="999" ind1=" " ind2=" ">
    <subfield code="c">22859</subfield>
    <subfield code="d">22831</subfield>
  </datafield>
  <datafield tag="952" ind1=" " ind2=" ">
    <subfield code="0">0</subfield>
    <subfield code="1">0</subfield>
    <subfield code="2">ddc</subfield>
    <subfield code="4">0</subfield>
    <subfield code="7">0</subfield>
    <subfield code="8">Baccah</subfield>
    <subfield code="a">MAIN</subfield>
    <subfield code="b">MAIN</subfield>
    <subfield code="c">1ST</subfield>
    <subfield code="d">2016-10-25</subfield>
    <subfield code="e">Purchase</subfield>
    <subfield code="g">553.00</subfield>
    <subfield code="h">3632</subfield>
    <subfield code="l">2</subfield>
    <subfield code="m">21</subfield>
    <subfield code="o">618.20231 PER</subfield>
    <subfield code="p">000034478</subfield>
    <subfield code="r">2025-07-15 00:00:00</subfield>
    <subfield code="s">2017-03-21</subfield>
    <subfield code="v">691.25</subfield>
    <subfield code="y">BB</subfield>
  </datafield>
</record>
